000 00449nam a2200181Ia 4500
008 221030s9999 xx 000 0 und d
020 _a019569189X
041 _aEnglish
082 _a105.23
100 _aG. R. Cooper
245 0 _aProbabilistic Methods of Signal & System Analysis
250 _a3rd
260 _bOxfor University Press
_aNew Delhi
_c2007
300 _a480
650 _aBE Computer
700 _aC. D. McGillem
942 _cBK
999 _c5784
_d5784